• 首页
  • 本馆介绍
  • 公告通知
  • 最新文献
  • 馆藏检索
  • 电子资源
  • 读者导购
  • 参考咨询
  • 我的图书馆
  • 登录
  • 详细信息显示
  • 放入我的书架
  • 预约/预借图书
  • 作者相关作品
  • 分类相关作品
  • 丛书相关作品
  • 出版社相关作品

书目信息

  • 表格格式
  • 工作单格式
  • 卡片格式
题名:
本能减脂
    
 
作者: 张景琦 , 孟令超 著
分册:  
出版信息: 北京   中信出版集团股份有限公司  2021.4
页数: 392页
开本: 23cm
丛书名:
单 册:
中图分类: TS974.14
科图分类:
主题词: 减肥--通俗读物
电子资源:
ISBN: 978-7-5086-7472-8
000 01165nam0 2200289 45
001 012001002169
005 20140913133602.0
010    @a978-7-5086-7472-8@dCNY48.00
100    @a20170720d2017 em y0chiy50 ea
101 0  @achi
102    @aCN@b110000
105    @aa z 000yy
106    @ar
200 1  @a本能减脂@Aben neng jian zhi@b专著@dInstinct to burn fat@e用科学的方法破译人类基因中的瘦身密码@f张景琦,孟令超著@zeng
210    @a北京@c中信出版集团股份有限公司@d2021.4
215    @a392页@c图@d23cm
300    @a并列题名:Instinct to burn fat
300    @a其他题名:用科学的方法破译人类基因中的瘦身密码
330    @a书中详细介绍了五大高效减脂运动、被实践证明的慢碳减脂饮食法和11种改善睡眠的方法,作者邀请米其林主厨打造了八大减脂菜品,让科学减脂本身成为一种生活方式。
510 1  @aInstinct to burn fat@zeng
517 1  @a用科学的方法破译人类基因中的瘦身密码@Ayong ke xue de fang fa po yi ren lei ji yin zhong de shou shen mi ma
606 0  @a减肥@j通俗读物
690    @aTS974.14@v5
701  0 @a张景琦@Azhang jing qi@4著
701  0 @a孟令超@Ameng ling chao@c(健身)@4著
801  0 @aCN@bBJSDL@c20211011
905    @b1338704-7@dTS974.14@e668@f4
    
    本能减脂=Instinct to burn fat:用科学的方法破译人类基因中的瘦身密码/张景琦,孟令超著.-北京:中信出版集团股份有限公司,2021.4
    392页:图;23cm
    并列题名:Instinct to burn fat.-其他题名:用科学的方法破译人类基因中的瘦身密码
    
    ISBN 978-7-5086-7472-8:CNY48.00
    书中详细介绍了五大高效减脂运动、被实践证明的慢碳减脂饮食法和11种改善睡眠的方法,作者邀请米其林主厨打造了八大减脂菜品,让科学减脂本身成为一种生活方式。
●
相关链接 在E读中查询图书 在五车中查询图书 在当当中查询图书 在豆瓣中查询图书


正题名:本能减脂     索取号:TS974.14/668         预约/预借

序号 登录号 条形码 馆藏地/架位号 状态 备注
1 1338704   213387048   第二样本阅览室/ [索取号:TS974.14/668] 在馆    
2 1338705   213387057   第三借阅区/ [索取号:TS974.14/668] 在馆    
3 1338706   213387066   第三借阅区/ [索取号:TS974.14/668] 在馆    
4 1338707   213387075   第三借阅区/ [索取号:TS974.14/668] 在馆    
唐山师范学院图书馆 欢迎您!
大连网信软件有限公司© 版权所有